000 00993nam a22003850a 4500
001 PT45041
003 AR-LpoUNG
005 20210201010345.0
008 201001s2007||||ag |||||||||||||||||spa d
020 _a9789871326068
_c$18
040 _aAR-LpoUNG
_bspa
_eaacr
041 _aspa
044 _aag
082 0 _a982.062 557gra
100 1 _aBesse, Juan
_ecomp.
245 1 0 _aGrafías del 55 :
_botros repartos entre recuerdo y olvido
250 _a1º ed.
260 _aBuenos Aires :
_bUNLa,
_c2007.
300 _a309 p. :
_bgráfs.
_3Impreso
490 0 _aPolíticas de Memoria
650 4 _aARGENTINA
650 4 _aASPECTOS POLITICOS
650 4 _aCAMBIO SOCIAL
650 4 _aCULTURA
650 4 _aDERECHOS HUMANOS
650 4 _aDOCTRINAS POLITICAS
650 4 _aHISTORIA POLITICA
650 4 _aINTELECTUALES
650 4 _aSOCIEDAD
651 4 _aArgentina
653 _aPERONISMO
700 1 _aKawabata, Alejandro
_ecomp.
905 _a45041
942 _cLIB
999 _c50997
_d50997